Missing Word: Famous German People Quiz Stats

 Plays Quiz Updated Feb 26, 2016

Challenge
Share
Tweet
Embed
Score 0/20 Timer 05:00
0 Plays Today
Person Missing Word % Correct
Albert ________Einstein
95.9%
____ MarxKarl
93.9%
______ MerkelAngela
90.9%
Brothers _____Grimm
89.4%
Johann _________ BachSebastian
84.6%
______ GrafSteffi
81.1%
Martin ______Luther
80.9%
____ von BismarckOtto
80.2%
Marlene ________Dietrich
74.1%
________ GutenbergJohannes
56.8%
Person Missing Word % Correct
Michael __________Schumacher
54.4%
Johannes ______Kepler
45.6%
Hermann _____Hesse
45.4%
Friedrich _________Nietzsche
41%
____ RiefenstahlLeni
36.2%
Wilhelm _______Röntgen
35.4%
Erich _____ RemarqueMaria
31.9%
_______ von RichthofenManfred
23.4%
Ferdinand von ________Zeppelin
21.1%
________ DaimlerGottlieb
14%

Today's Daily Dose

You're not logged in!

Compare scores with friends on all Sporcle quizzes.
OR
Log In

You Might Also Like...

Show Comments

Extras

Top Quizzes Today


Score Distribution

Your Account Isn't Verified!

In order to create a playlist on Sporcle, you need to verify the email address you used during registration. Go to your Sporcle Settings to finish the process.

Report this User

Report this user for behavior that violates our Community Guidelines.

Details: